InDret : Revista para el Análisis del Derecho /
Guardado en:
| Autor Corporativo: | |
|---|---|
| Formato: | Desconocido |
| Idioma: | Multiple |
| Publicado: |
Barcelona :
Universitat Pompeu Fabra,
2019.
|
| Materias: | |
| Acceso en línea: | InDreT |
| Etiquetas: |
Agregar Etiqueta
Sin Etiquetas, Sea el primero en etiquetar este registro!
|
| LEADER | 00665nai a22001695a 4500 | ||
|---|---|---|---|
| 001 | DER.der013792 | ||
| 005 | 20190301095028.0 | ||
| 008 | 190212s2019####sp#k|#wss#####0####2mul#d | ||
| 020 | |a 1698739X | ||
| 110 | 2 | |a Generalitat de Catalunya. |b Departament d'innovació universitats i empresa. | |
| 245 | 1 | 0 | |a InDret : |b Revista para el Análisis del Derecho / |c Universitat Pompeu Fabra. |h [recurso electrónico]. |
| 260 | |a Barcelona : |b Universitat Pompeu Fabra, |c 2019. | ||
| 500 | |a Textos en catalán, español e inglés. | ||
| 538 | |a Modo de acceso: World Wide Web. | ||
| 653 | |a Derecho Comparado | ||
| 856 | |u http://www.indret.com/es/ |y InDreT | ||
| 859 | |a DERECHO |b BIB. DERECHO |p 008906 | ||
